Van Nostrand's scientific encyclopedia; (رقم التسجيلة. 104800)
[ عرض عادي ]
| 000 -LEADER | |
|---|---|
| fixed length control field | 010310am a2200217 004500 |
| 008 - FIXED-LENGTH DATA ELEMENTS--GENERAL INFORMATION | |
| fixed length control field | 681114s1968 njua d 000 0 eng |
| 010 ## - LIBRARY OF CONGRESS CONTROL NUMBER | |
| LC control number | 68020922 |
| 040 ## - CATALOGING SOURCE | |
| Original cataloging agency | DLC |
| Transcribing agency | DLC |
| Modifying agency | DLC |
| 050 00 - LIBRARY OF CONGRESS CALL NUMBER | |
| Classification number | Q121 |
| Item number | .V3 1968 |
| 092 04 - LOCALLY ASSIGNED DEWEY CALL NUMBER (OCLC) | |
| Classification number | 503 |
| Item number | V269 1968 |
| Edition number | 21 |
| 099 ## - LOCAL FREE-TEXT CALL NUMBER (OCLC) | |
| Classification number | 04 |
| -- | 503 V269 1968 |
| 245 00 - TITLE STATEMENT | |
| Title | Van Nostrand's scientific encyclopedia; |
| Remainder of title | aeronautics, astronomy, biochemistry, botany, chemical engineering, chemistry, civil engineering, computer technology, electrical engineering, electronics, geology, guided missiles, mathematics, mechanical engineering, medicine, metallurgy, meteorology, mineralogy, navigation, nuclear science and engineering, photoelectronics, photography, physics, planetary exploration, radio and television, rocketry, space travel, statistics, zoology. |
| 250 ## - EDITION STATEMENT | |
| Edition statement | 4th ed. |
| 260 ## - PUBLICATION, DISTRIBUTION, ETC. | |
| Place of publication, distribution, etc. | Princeton, N.J., |
| Name of publisher, distributor, etc. | Van Nostrand |
| Date of publication, distribution, etc. | [1968] |
| 300 ## - PHYSICAL DESCRIPTION | |
| Extent | ix, 2008 p. |
| Other physical details | illus. (part col.) |
| Dimensions | 31 cm. |
| 650 #0 - SUBJECT ADDED ENTRY--TOPICAL TERM | |
| Topical term or geographic name entry element | Science |
| General subdivision | Dictionaries. |
| 902 ## - LOCAL DATA ELEMENT B, LDB (RLIN) | |
| No. of Items | 1 |
| 905 ## - LOCAL DATA ELEMENT E, LDE (RLIN) | |
| Cataloger | Eman |
| Reviser | Rev |
| 905 ## - LOCAL DATA ELEMENT E, LDE (RLIN) | |
| Cataloger | Jamal |
| 942 ## - ADDED ENTRY ELEMENTS (KOHA) | |
| Source of classification or shelving scheme | Dewey Decimal Classification |
| Koha item type | Reference |
| Source of classification or shelving scheme | Not for loan | Home library | Current library | Date acquired | Full call number | Barcode | Date last seen | Copy number | Koha item type |
|---|---|---|---|---|---|---|---|---|---|
| Dewey Decimal Classification | المكتبة المركزبة الجديدة - جامعة القاهرة | قاعة المراجع - الدور الثاني | 11.02.2024 | 503 V269 1968 | 01000110160200000 | 23.09.2023 | C.1 | Reference |